000 00382nam a22001337a 4500
008 131126b xxu||||| |||| 00| 0 eng d
020 _a0007194692
050 _aPZ3.O1285F5
100 _aO'Brian, Patrick
_93898
245 _aThe Final unfinished voyage of Jack Aubrey
260 _aLondon
_bHarperCollinsPublishers
_c2004
300 _axiv; 136p.;
_c25cm
942 _2lcc
_cMONOGRAPH
999 _c118693
_d118693